A digitális nomádok - Madeira, mint népszerű úticél -

Bibliográfiai részletek
Szerző: Mayer Laura
További közreműködők: Babos Dr. Krisztina
Dokumentumtípus: Diplomadolgozat
Kulcsszavak:coworking
digitális
életstílus
fenntarthatóság
Madeira
nomád
távmunka
utazás
Online Access:http://dolgozattar.uni-bge.hu/59632

MARC

LEADER 00000nta a2200000 i 4500
001 dolg59632
005 20260409145332.0
008 260409suuuu hu om 000 hun d
040 |a BGE Dolgozattár Repozitórium  |b hun 
041 |a hu 
100 1 |a Mayer Laura 
245 1 2 |a A digitális nomádok - Madeira, mint népszerű úticél -  |c Mayer Laura  |h [elektronikus dokumentum] 
520 3 |a Szakdolgozatomban szerettem volna közelebbről is megvizsgálni a digitális nomád életstílust, annak népszerűségét és személyes tapasztalataimon keresztül is bemutatni Madeirát, mint elsődleges digitális nomád desztinációt. Azáltal, hogy az életstílus alkalmazása a lakóhely elhagyásával jár, megvizsgáltam mely munkaszervezési modellek bizonyulnak a legmegfelelőbb választásnak az életforma során, és milyen nehézségekkel kell megküzdeniük a digitális nomádoknak - a stabil környezet hiányából adódóan. A szabadság kiteljesedése, a helyfüggetlenség elérése, valamint az életen át tartó utazás mind alapját képezik a digitális nomádok motivációjának. Górcső alá vettem az egyes vízumigénylési feltételeket is, amelyek hátráltató tényezőket jelenthetnek. Az egyes szakmák és munkahelyek sajátosságaiból adódóan az életforma elterjedése a nem kiforrott szakmai követelményeknek (rugalmatlan munkaidő, távmunkavégzés hiánya) köszönhetően fizikai akadályokba ütközhet. Azonban a reziliens személyiségtípusnak és a rohamosan változó világunknak köszönhetőena fiatalabb generációk körében mind a munka mind a magánélet során olyan értékrend-változások következtek be, amelyek a digitális nomadizmus térnyerésének kedveznek. 
695 |a coworking 
695 |a digitális 
695 |a életstílus 
695 |a fenntarthatóság 
695 |a Madeira 
695 |a nomád 
695 |a távmunka 
695 |a utazás 
700 1 |a Babos Dr. Krisztina  |e ths 
856 4 0 |u http://dolgozattar.uni-bge.hu/59632/1/Mayer%20Laura_Szakdolgozat%20v%C3%A9gleges%20verzi%C3%B3ja.pdf  |z Dokumentum-elérés 
856 4 0 |u http://dolgozattar.uni-bge.hu/59632/2/Mayer%20Laura_Szakdolgozat%20b%C3%ADr%C3%A1lati%20lap_Dr.%20Babos%20Krisztina.pdf  |z Dokumentum-elérés 
856 4 0 |u http://dolgozattar.uni-bge.hu/59632/3/Mayer%20Laura%20b%C3%ADr%C3%A1lat.pdf  |z Dokumentum-elérés